[Event "Magyar Rapid Bajnokság"]
[Site "Ajka"]
[Date "2019.07.19"]
[Round "1.1"]
[White "Uzonyi, David"]
[Black "Almasi, Zoltan"]
[Result "0-1"]
[WhiteElo "2010"]
[BlackElo "2668"]
[PlyCount "56"]
[EventDate "2019.07.19"]
[EventType "swiss"]
[EventRounds "13"]
[EventCountry "HUN"]

1. e4 c5 2. c3 d6 3. d4 Nf6 4. Bd3 Nc6 5. dxc5 dxc5 6. Be3 b6 7. Na3 g6 8. Ne2
Bg7 9. O-O O-O 10. f3 Qc7 11. Qe1 Ne5 12. Bc2 Ba6 13. b3 Rad8 14. c4 Nc6 15.
Rd1 Nh5 16. Qf2 e6 17. f4 Nb4 18. Ng3 Nxg3 19. hxg3 Nxa2 20. f5 Be5 21. Bf4
Rxd1 22. Rxd1 Nb4 23. Bb1 Nc6 24. Nc2 Rd8 25. Rf1 Qe7 26. fxg6 fxg6 27. Ne3 Bd4
28. Qe1 g5 0-1

[Event "Magyar Rapid Bajnokság"]
[Site "Ajka"]
[Date "2019.07.19"]
[Round "1.2"]
[White "Balog, Imre"]
[Black "Toviskes, Antal"]
[Result "1-0"]
[WhiteElo "2620"]
[BlackElo "2007"]
[PlyCount "121"]
[EventDate "2019.07.19"]
[EventType "swiss"]
[EventRounds "13"]
[EventCountry "HUN"]

1. e4 c5 2. Nf3 d6 3. d4 cxd4 4. Nxd4 Nf6 5. Nc3 g6 6. Be2 Bg7 7. O-O O-O 8.
Be3 Nc6 9. Nb3 Be6 10. Qd2 Ne5 11. Rfd1 Nc4 12. Bxc4 Bxc4 13. f3 Qc7 14. Qf2 b6
15. Nd4 Rac8 16. a4 Qb7 17. Rac1 Kh8 18. b3 Be6 19. Nce2 Nd7 20. Nxe6 fxe6 21.
Qh4 Rf7 22. Qh3 e5 23. Qe6 Rcf8 24. b4 Nf6 25. Ng3 Qc8 26. Qxc8 Rxc8 27. c4 Nd7
28. Nf1 h5 29. Rd5 Kh7 30. a5 Bh6 31. Rc2 Bxe3+ 32. Nxe3 Rff8 33. Ra2 Rc7 34.
Rd3 Nf6 35. Rda3 Rfc8 36. axb6 axb6 37. Ra7 e6 38. R2a6 Nd7 39. Kf2 Kg7 40. Ke2
Kf7 41. Kd3 Ke7 42. Rxc7 Rxc7 43. Ra8 Kf7 44. Nd1 Rb7 45. Nc3 Rb8 46. Ra7 Ke8
47. h4 Rc8 48. Na4 Rb8 49. Nc3 Rc8 50. g3 Ke7 51. Na4 Rb8 52. c5 bxc5 53. bxc5
dxc5 54. Nxc5 Rd8 55. Ke3 Ke8 56. Nxe6 Rb8 57. Nc7+ Ke7 58. Nd5+ Ke8 59. f4
Rb3+ 60. Ke2 Rxg3 61. fxe5 1-0

[Event "Magyar Rapid Bajnokság"]
[Site "Ajka"]
[Date "2019.07.19"]
[Round "1.3"]
[White "Mihalyfi, Gabor"]
[Black "Banusz, Tamas"]
[Result "0-1"]
[WhiteElo "1995"]
[BlackElo "2620"]
[PlyCount "86"]
[EventDate "2019.07.19"]
[EventType "swiss"]
[EventRounds "13"]
[EventCountry "HUN"]

1. d4 Nf6 2. g3 d5 3. Bg2 Bf5 4. c4 c6 5. Nf3 e6 6. O-O Be7 7. Nc3 h6 8. Qb3
Qb6 9. Qxb6 axb6 10. Be3 dxc4 11. a4 Nd5 12. Ne5 Nxe3 13. fxe3 Bg5 14. Kf2 Nd7
15. Nxc4 Ke7 16. e4 Bg6 17. h4 c5 18. hxg5 cxd4 19. Nb5 Rac8 20. Nbd6 Rc6 21.
e5 Rc5 22. b4 Rc7 23. Bxb7 hxg5 24. Ba6 Rh2+ 25. Ke1 d3 26. exd3 f6 27. Rd1 Rg2
28. exf6+ gxf6 29. Nb5 Bxd3 30. Rxd3 Rxc4 31. Nd4 Rc1+ 32. Rd1 Rc3 33. Bb5 Ne5
34. Rf2 Rgxg3 35. a5 bxa5 36. bxa5 Ra3 37. a6 f5 38. Re2 Kf6 39. Kf2 Ng4+ 40.
Ke1 Ne3 41. Rc1 f4 42. Rc6 Rg1+ 43. Kf2 Rf1# 0-1

[Event "Magyar Rapid Bajnokság"]
[Site "Ajka"]
[Date "2019.07.19"]
[Round "1.6"]
[White "Gledura, Benjamin"]
[Black "Borus, Andras"]
[Result "1-0"]
[WhiteElo "2577"]
[BlackElo "1965"]
[PlyCount "58"]
[EventDate "2019.07.19"]
[EventType "swiss"]
[EventRounds "13"]
[EventCountry "HUN"]

1. Nf3 d6 2. d4 Nf6 3. g3 g6 4. Bg2 Bg7 5. O-O O-O 6. b3 Nbd7 7. Bb2 e5 8. dxe5
Ng4 9. Qc1 Ngxe5 10. Nxe5 Nxe5 11. c4 Rb8 12. Nc3 Be6 13. Qd2 a6 14. Rac1 Kh8
15. e4 f5 16. f4 Ng4 17. exf5 gxf5 18. Rfe1 Qd7 19. h3 Nf6 20. Nd5 Bxd5 21.
cxd5 Rf7 22. Re6 Rg8 23. Kh2 Ne4 24. Bxe4 fxe4 25. Rxe4 Qf5 26. Rce1 Bf6 27. g4
Qg6 28. Re6 Qg7 29. Rxf6 Rxf6 1-0

[Event "Magyar Rapid Bajnokság"]
[Site "Ajka"]
[Date "2019.07.19"]
[Round "1.9"]
[White "Miszler, Levente"]
[Black "Medvegy, Zoltan"]
[Result "0-1"]
[WhiteElo "1936"]
[BlackElo "2515"]
[PlyCount "40"]
[EventDate "2019.07.19"]
[EventType "swiss"]
[EventRounds "13"]
[EventCountry "HUN"]

1. Nf3 Nf6 2. c4 b6 3. g3 Bb7 4. Bg2 g6 5. O-O Bg7 6. Nc3 O-O 7. d4 Ne4 8. Nxe4
Bxe4 9. Bf4 c5 10. e3 d6 11. g4 Nc6 12. a3 Qd7 13. h3 Rac8 14. Rc1 cxd4 15.
Nxd4 Bxg2 16. Kxg2 e5 17. Nb5 exf4 18. exf4 Rfd8 19. Rc2 a6 20. Nc3 Nd4 0-1

[Event "Magyar Rapid Bajnokság"]
[Site "Ajka"]
[Date "2019.07.19"]
[Round "1.11"]
[White "Juhasz, Judit"]
[Black "Vertetics, Attila"]
[Result "0-1"]
[WhiteElo "1919"]
[BlackElo "2496"]
[PlyCount "78"]
[EventDate "2019.07.19"]
[EventType "swiss"]
[EventRounds "13"]
[EventCountry "HUN"]

1. e4 c6 2. d4 d5 3. e5 Bf5 4. h4 a6 5. Bd3 Bxd3 6. Qxd3 e6 7. Nf3 c5 8. c3 Nc6
9. a3 Rc8 10. O-O Qb6 11. dxc5 Bxc5 12. b4 Bf8 13. Re1 Nge7 14. Be3 Qc7 15. Bc5
Nf5 16. Bxf8 Kxf8 17. Nbd2 h5 18. Nb3 g6 19. Rac1 Kg7 20. Nc5 Rhd8 21. Qd2 b6
22. Nxa6 Qb7 23. b5 Na5 24. Qg5 Nc4 25. Nd4 Nxa3 26. Qf6+ Kh7 27. Nxf5 gxf5 28.
Qg5 Rg8 29. Qxh5+ Kg7 30. Qe2 Kf8 31. f3 Qd7 32. Qb2 Nc4 33. Qf2 Qxb5 34. Nb4
Qc5 35. Nc2 Nb2 36. Nb4 Rh8 37. g3 f4 38. Kg2 fxg3 39. Qxg3 Rg8 0-1

[Event "Magyar Rapid Bajnokság"]
[Site "Ajka"]
[Date "2019.07.19"]
[Round "1.12"]
[White "Aczel, Gergely"]
[Black "Udvardi, Zalan"]
[Result "1-0"]
[WhiteElo "2492"]
[BlackElo "1900"]
[PlyCount "62"]
[EventDate "2019.07.19"]
[EventType "swiss"]
[EventRounds "13"]
[EventCountry "HUN"]

1. d4 Nf6 2. c4 c5 3. d5 e6 4. Nc3 exd5 5. cxd5 d6 6. e4 g6 7. Bd3 Bg7 8. h3
O-O 9. Bg5 h6 10. Be3 Re8 11. Nf3 Na6 12. O-O Nc7 13. a4 Na6 14. Nd2 Nb4 15.
Be2 b6 16. Bf4 Ba6 17. Bxa6 Nxa6 18. Re1 Nb4 19. Nc4 Bf8 20. Qd2 a6 21. Rad1
Kh7 22. e5 dxe5 23. Rxe5 Rxe5 24. Nxe5 Qe8 25. Re1 Rd8 26. Nxg6 Qd7 27. Nxf8+
Rxf8 28. d6 Rg8 29. Re7 Qxh3 30. Rxf7+ Kh8 31. Bg3 Qh5 1-0

[Event "Magyar Rapid Bajnokság"]
[Site "Ajka"]
[Date "2019.07.19"]
[Round "2.1"]
[White "Almasi, Zoltan"]
[Black "Sardy, Peter"]
[Result "1-0"]
[WhiteElo "2668"]
[BlackElo "2235"]
[PlyCount "73"]
[EventDate "2019.07.19"]
[EventType "swiss"]
[EventRounds "13"]
[EventCountry "HUN"]

1. Nf3 d6 2. c4 g6 3. g3 Bg7 4. Bg2 Nf6 5. O-O O-O 6. Nc3 c5 7. d4 Nc6 8. d5
Na5 9. Nd2 Ng4 10. Qc2 Bf5 11. e4 Bd7 12. h3 Ne5 13. b3 b5 14. cxb5 Qb6 15. f4
Nd3 16. Nc4 Nxc4 17. bxc4 Nxc1 18. Rfxc1 a6 19. a4 Qa5 20. Rab1 Rfb8 21. Rb3
axb5 22. axb5 Qb6 23. Qb2 Ra5 24. Ra1 Rba8 25. Rba3 h5 26. h4 Bc8 27. Kh2 Bb7
28. Bh3 Bd4 29. R1a2 Qd8 30. Qa1 Rxa3 31. Rxa3 Kf8 32. Rxa8 Bxa8 33. Qa3 Bb7
34. Ne2 Bf6 35. Qa7 Qa8 36. Qxa8+ Bxa8 37. Bc8 1-0

[Event "Magyar Rapid Bajnokság"]
[Site "Ajka"]
[Date "2019.07.19"]
[Round "2.3"]
[White "Banusz, Tamas"]
[Black "Gelle, Istvan"]
[Result "1-0"]
[WhiteElo "2620"]
[BlackElo "2229"]
[PlyCount "117"]
[EventDate "2019.07.19"]
[EventType "swiss"]
[EventRounds "13"]
[EventCountry "HUN"]

1. d4 d5 2. Nf3 c6 3. c4 Nf6 4. g3 Bf5 5. Nc3 e6 6. Nh4 Bg6 7. Nxg6 hxg6 8. Qd3
Bb4 9. Bg2 Qa5 10. O-O Nbd7 11. Bd2 Bxc3 12. Bxc3 Qa6 13. b3 Nb6 14. c5 Qxd3
15. exd3 Nbd7 16. Bd2 O-O 17. b4 a6 18. a4 Rfe8 19. Rfe1 e5 20. dxe5 Nxe5 21.
Ra3 Kf8 22. h3 Re6 23. Kf1 Ned7 24. Bc3 Ke7 25. Rb1 g5 26. Bd2 g4 27. Bf4 Kd8
28. Rab3 Re8 29. hxg4 Nxg4 30. d4 f5 31. f3 Ngf6 32. Kf2 Ke7 33. Bf1 Kf7 34.
R1b2 g6 35. Bd3 Rh8 36. Kg2 Rh7 37. Be3 Ne8 38. b5 axb5 39. axb5 Ng7 40. bxc6
bxc6 41. Rb7 Ke8 42. Bg5 Ne6 43. Re2 Re7 44. Bxe7 Kxe7 45. Rc7 Ra4 46. Rxc6
Ndf8 47. Ba6 Kf7 48. Bc8 Nxd4 49. Rc7+ Kf6 50. Re8 Ra2+ 51. Kf1 Nh7 52. Rxh7
Nxf3 53. Re2 Ra1+ 54. Kf2 Ne5 55. Bb7 d4 56. c6 d3 57. Rxe5 Kxe5 58. c7 d2 59.
Rd7 1-0

[Event "Magyar Rapid Bajnokság"]
[Site "Ajka"]
[Date "2019.07.19"]
[Round "2.5"]
[White "Hera, Imre Jr"]
[Black "Varga, Klara"]
[Result "1-0"]
[WhiteElo "2583"]
[BlackElo "2205"]
[PlyCount "49"]
[EventDate "2019.07.19"]
[EventType "swiss"]
[EventRounds "13"]
[EventCountry "HUN"]

1. Nf3 Nf6 2. g3 d5 3. Bg2 Bg4 4. c4 c6 5. Ne5 Bf5 6. cxd5 cxd5 7. Nc3 e6 8. g4
Bg6 9. h4 h6 10. Nxg6 fxg6 11. d4 Nxg4 12. e4 Nxf2 13. Kxf2 Be7 14. Qg4 O-O+
15. Ke2 Kh7 16. exd5 h5 17. Qxe6 Rf6 18. Qe4 Qf8 19. Bg5 Rf2+ 20. Kd3 Bd6 21.
Rhf1 Na6 22. a3 Rc8 23. Be3 Rxf1 24. Rxf1 Qd8 25. Qxg6+ 1-0

[Event "Magyar Rapid Bajnokság"]
[Site "Ajka"]
[Date "2019.07.19"]
[Round "2.6"]
[White "Amrein, Roland"]
[Black "Gledura, Benjamin"]
[Result "0-1"]
[WhiteElo "2187"]
[BlackElo "2577"]
[PlyCount "76"]
[EventDate "2019.07.19"]
[EventType "swiss"]
[EventRounds "13"]
[EventCountry "HUN"]

1. e4 c5 2. Nf3 Nc6 3. Bb5 Nf6 4. Nc3 g6 5. e5 Ng4 6. Bxc6 dxc6 7. h3 Nh6 8.
Ne4 b6 9. Qe2 Bg7 10. Nf6+ Kf8 11. Ne4 Nf5 12. d3 Nd4 13. Nxd4 cxd4 14. f4 f5
15. Ng5 h6 16. Nf3 Qd5 17. c4 dxc3 18. bxc3 c5 19. c4 Qc6 20. a4 Bb7 21. O-O
Kf7 22. Bb2 e6 23. Ra3 Rad8 24. Rfa1 Bf8 25. Kh2 Be7 26. Ne1 Rhg8 27. Nc2 g5
28. fxg5 Rxg5 29. Rg1 Rdg8 30. Ne1 R5g6 31. Bc1 Bg5 32. Bd2 Qc7 33. Ra2 Qd8 34.
Nf3 Bxd2 35. Rxd2 Rg3 36. Ne1 Qh4 37. Rf1 Rxh3+ 38. gxh3 Qg3# 0-1

[Event "Magyar Rapid Bajnokság"]
[Site "Ajka"]
[Date "2019.07.19"]
[Round "3.1"]
[White "Horvath, Peter"]
[Black "Almasi, Zoltan"]
[Result "0-1"]
[WhiteElo "2427"]
[BlackElo "2668"]
[PlyCount "94"]
[EventDate "2019.07.19"]
[EventType "swiss"]
[EventRounds "13"]
[EventCountry "HUN"]

1. d4 Nf6 2. Nf3 b6 3. Bg5 Bb7 4. Nbd2 g6 5. Bxf6 exf6 6. e4 Bh6 7. Bd3 O-O 8.
O-O d5 9. Re1 Nd7 10. exd5 Bxd5 11. c4 Bb7 12. Be4 c6 13. b4 f5 14. Bc2 c5 15.
bxc5 bxc5 16. d5 Nb6 17. Rb1 Ba6 18. Bb3 Qf6 19. a4 Qc3 20. a5 Nc8 21. Qc2 Qxc2
22. Bxc2 Nd6 23. Bd3 Rfe8 24. Kf1 Rab8 25. Rxe8+ Rxe8 26. Rb2 Ne4 27. g3 Nd6
28. Rb1 Bg7 29. Rb3 Bf6 30. Kg2 g5 31. h3 h5 32. Bf1 g4 33. hxg4 hxg4 34. Nh4
f4 35. Bd3 Re1 36. Nf5 Nxf5 37. Bxf5 f3+ 38. Kh2 Re2 39. Ne4 Bd4 40. d6 Bxf2
41. Nxf2 Rxf2+ 42. Kg1 Rg2+ 43. Kh1 Rd2 44. Bd3 Bc8 45. Rb8 Rxd3 46. Rxc8+ Kg7
47. Rxc5 Rd1+ 0-1

[Event "Magyar Rapid Bajnokság"]
[Site "Ajka"]
[Date "2019.07.19"]
[Round "3.6"]
[White "Gledura, Benjamin"]
[Black "Hoang, Thanh Trang"]
[Result "1-0"]
[WhiteElo "2577"]
[BlackElo "2354"]
[PlyCount "77"]
[EventDate "2019.07.19"]
[EventType "swiss"]
[EventRounds "13"]
[EventCountry "HUN"]

1. d4 f5 2. Nf3 Nf6 3. g3 g6 4. Bg2 Bg7 5. O-O O-O 6. b3 d6 7. Bb2 Ne4 8. Qc1
a5 9. c4 a4 10. b4 c6 11. a3 b5 12. cxb5 cxb5 13. d5 Bxb2 14. Qxb2 Bb7 15. Nc3
Qb6 16. Nxe4 fxe4 17. Ng5 Bxd5 18. Rad1 Bb3 19. Bxe4 Ra7 20. Rd3 Bc4 21. Rd4
Bb3 22. h4 Nc6 23. Rd2 Ne5 24. h5 h6 25. Nf3 Nxf3+ 26. exf3 g5 27. Rc1 Rc7 28.
Rc3 Rxc3 29. Qxc3 Bc4 30. Bb1 Rf6 31. Qc2 Kf8 32. Qh7 Bg8 33. Qh8 d5 34. Bg6
Rxg6 35. hxg6 Qxg6 36. Rxd5 Kf7 37. Kg2 Ke6 38. Qd4 Kf7 39. Rxb5 1-0

[Event "Magyar Rapid Bajnokság"]
[Site "Ajka"]
[Date "2019.07.19"]
[Round "4.1"]
[White "Almasi, Zoltan"]
[Black "Gledura, Benjamin"]
[Result "1/2-1/2"]
[WhiteElo "2668"]
[BlackElo "2577"]
[PlyCount "53"]
[EventDate "2019.07.19"]
[EventType "swiss"]
[EventRounds "13"]
[EventCountry "HUN"]

1. Nf3 Nf6 2. c4 c5 3. Nc3 Nc6 4. g3 g6 5. Bg2 Bg7 6. O-O O-O 7. d4 cxd4 8.
Nxd4 Qa5 9. Nb3 Qh5 10. c5 d6 11. cxd6 Rd8 12. e4 Qxd1 13. Rxd1 Rxd6 14. Bf4
Rxd1+ 15. Rxd1 Ne8 16. Rd2 Bxc3 17. bxc3 e5 18. Bh6 b6 19. Bf1 Be6 20. Bb5 Rc8
21. f4 f6 22. Kg2 Kf7 23. Nc1 Ke7 24. Bxc6 Rxc6 25. fxe5 Rxc3 26. Nd3 f5 27.
exf5 1/2-1/2

[Event "Magyar Rapid Bajnokság"]
[Site "Ajka"]
[Date "2019.07.19"]
[Round "4.3"]
[White "Banusz, Tamas"]
[Black "Csonka, Balazs"]
[Result "1-0"]
[WhiteElo "2620"]
[BlackElo "2346"]
[PlyCount "127"]
[EventDate "2019.07.19"]
[EventType "swiss"]
[EventRounds "13"]
[EventCountry "HUN"]

1. d4 d5 2. Nf3 Nf6 3. g3 e6 4. Bg2 Be7 5. c4 O-O 6. Nc3 dxc4 7. Ne5 Nc6 8.
Bxc6 bxc6 9. Nxc6 Qe8 10. Nxe7+ Qxe7 11. Qa4 c5 12. dxc5 Qxc5 13. Be3 Qc7 14.
O-O-O Bb7 15. f3 Nd5 16. Bd4 e5 17. Nxd5 Bxd5 18. Bc3 Be6 19. Qa5 Qxa5 20. Bxa5
f6 21. Rd6 Kf7 22. Rhd1 a6 23. e4 Rfb8 24. Bc3 Ke7 25. f4 exf4 26. gxf4 Rd8 27.
Bb4 Rxd6 28. Rxd6 Kf7 29. f5 Bc8 30. Kd2 a5 31. Bc3 Ke7 32. Rc6 Bd7 33. Rxc4 a4
34. Rb4 Rc8 35. Rb7 Rc6 36. Ra7 g6 37. Bb4+ Ke8 38. fxg6 hxg6 39. Rxa4 Rc4 40.
Ra8+ Kf7 41. Bc3 Rxe4 42. Ra7 Ke6 43. Ra6+ Kd5 44. Rxf6 Rh4 45. Rf2 Rh3 46. b3
Bf5 47. Ba5 Bb1 48. Kc1 Be4 49. Kb2 Bf5 50. Bc7 Kc6 51. Bg3 Rh7 52. a4 Rb7 53.
Ka3 Kc5 54. b4+ Kc4 55. Rf4+ Kc3 56. b5 Rd7 57. Be1+ Kc2 58. Rc4+ Kb1 59. Kb4
Rd1 60. Bg3 Ka2 61. b6 Bd3 62. Rd4 Rb1+ 63. Ka5 Bf5 64. Rb4 1-0

[Event "Magyar Rapid Bajnokság"]
[Site "Ajka"]
[Date "2019.07.20"]
[Round "5.1"]
[White "Papp, Gabor"]
[Black "Banusz, Tamas"]
[Result "1/2-1/2"]
[WhiteElo "2589"]
[BlackElo "2620"]
[PlyCount "22"]
[EventDate "2019.07.19"]
[EventType "swiss"]
[EventRounds "13"]
[EventCountry "HUN"]

1. Nf3 Nf6 2. d4 e6 3. e3 d5 4. b3 c5 5. Bb2 Nc6 6. Nbd2 Bd6 7. Bd3 b6 8. O-O
Bb7 9. a3 O-O 10. Qe2 Rc8 11. Ne5 Ne7 1/2-1/2

[Event "Magyar Rapid Bajnokság"]
[Site "Ajka"]
[Date "2019.07.20"]
[Round "5.2"]
[White "Marosi, Levente"]
[Black "Almasi, Zoltan"]
[Result "0-1"]
[WhiteElo "2058"]
[BlackElo "2668"]
[PlyCount "112"]
[EventDate "2019.07.19"]
[EventType "swiss"]
[EventRounds "13"]
[EventCountry "HUN"]

1. e4 d6 2. d4 g6 3. Nc3 Bg7 4. Be3 a6 5. Qd2 b5 6. f3 Nd7 7. g4 Nb6 8. h4 h5
9. g5 e6 10. Bd3 Ne7 11. Nge2 b4 12. Nd1 a5 13. a3 bxa3 14. Rxa3 a4 15. Ndc3
O-O 16. O-O Bd7 17. Ng3 Qc8 18. b3 axb3 19. Rxb3 Nc6 20. Nce2 Na5 21. Rb4 d5
22. Bf2 Nbc4 23. Qc1 Re8 24. f4 Nd6 25. e5 Nf5 26. Nxf5 exf5 27. Qd2 Bf8 28.
Rbb1 Be6 29. Nc3 Rd8 30. Qe2 Qd7 31. Ra1 Nc4 32. Rfb1 Qc6 33. Nd1 Rxa1 34. Rxa1
Rb8 35. Ne3 Nb2 36. Rb1 Rb6 37. Be1 Qa4 38. c3 Nxd3 39. Qxd3 Rxb1 40. Qxb1 c5
41. Qc2 Qa1 42. Qd1 Qa2 43. Qc2 Qa3 44. Bd2 cxd4 45. cxd4 Qa1+ 46. Kf2 Qxd4 47.
Kg3 Qa1 48. Qc1 Qa7 49. Qc2 d4 50. Ng2 Qa3+ 51. Kh2 Qf3 52. Be1 d3 53. Qf2 Qxf2
54. Bxf2 d2 55. Ne3 Bb3 56. Kg2 Bc5 0-1

[Event "Magyar Rapid Bajnokság"]
[Site "Ajka"]
[Date "2019.07.20"]
[Round "5.3"]
[White "Balog, Imre"]
[Black "Vertetics, Attila"]
[Result "1/2-1/2"]
[WhiteElo "2620"]
[BlackElo "2496"]
[PlyCount "153"]
[EventDate "2019.07.19"]
[EventType "swiss"]
[EventRounds "13"]
[EventCountry "HUN"]

1. c4 Nf6 2. Nf3 b6 3. g3 Bb7 4. Bg2 g6 5. O-O Bg7 6. Nc3 O-O 7. Re1 c5 8. e4
Nc6 9. e5 Ne8 10. d4 Nxd4 11. Nxd4 Bxg2 12. Kxg2 cxd4 13. Qxd4 d6 14. Bf4 Nc7
15. Qe4 Ne6 16. Rad1 Nxf4+ 17. gxf4 Qd7 18. h3 Rad8 19. b3 Rfe8 20. Nd5 Kh8 21.
e6 fxe6 22. Qxe6 Qb7 23. h4 b5 24. cxb5 Qxb5 25. Re3 Rf8 26. h5 gxh5 27. Rh1
Qe8 28. f5 Qf7 29. Qxf7 Rxf7 30. Rxh5 Rd7 31. f4 a5 32. Re4 Rb7 33. Kf3 Kg8 34.
Rc4 Rf8 35. Ke4 h6 36. Rh1 Kf7 37. Rhc1 h5 38. Ra4 Rb5 39. Rac4 Rb7 40. Rg1 Rh8
41. Rc2 Bf6 42. Rcg2 h4 43. Rg6 h3 44. Nxf6 h2 45. Rg7+ Kf8 46. Rg8+ Rxg8 47.
Rxg8+ Kf7 48. Rh8 Kxf6 49. Rh6+ Kf7 50. Rxh2 Rb4+ 51. Kf3 a4 52. Rb2 Kf6 53.
Kg4 d5 54. Rd2 axb3 55. axb3 Rxb3 56. Rxd5 Rb1 57. Re5 Rg1+ 58. Kf3 Rf1+ 59.
Kg3 Rg1+ 60. Kf2 Rg4 61. Ke3 Rg1 62. Ra5 Rb1 63. Kf3 Rf1+ 64. Kg3 Rg1+ 65. Kf2
Rb1 66. Ke3 Re1+ 67. Kd3 Rb1 68. Rc5 Re1 69. Kd4 Rd1+ 70. Ke3 Re1+ 71. Kf2 Re4
72. Kg3 Re1 73. Rb5 Rg1+ 74. Kf2 Rc1 75. Re5 Rc3 76. Ke2 Rb3 77. Kf2 1/2-1/2

[Event "Magyar Rapid Bajnokság"]
[Site "Ajka"]
[Date "2019.07.20"]
[Round "5.4"]
[White "Gledura, Benjamin"]
[Black "Mihok, Oliver"]
[Result "1/2-1/2"]
[WhiteElo "2577"]
[BlackElo "2463"]
[PlyCount "136"]
[EventDate "2019.07.19"]
[EventType "swiss"]
[EventRounds "13"]
[EventCountry "HUN"]

1. d4 Nf6 2. c4 g6 3. Nc3 Bg7 4. e4 d6 5. Nf3 O-O 6. h3 e5 7. d5 Nh5 8. g3 Qe8
9. Be2 f5 10. exf5 gxf5 11. Nh4 Nf6 12. Qc2 Na6 13. a3 Nc5 14. Be3 f4 15. Bxc5
dxc5 16. Ne4 Nxe4 17. Qxe4 Bf6 18. Bd3 Qe7 19. Ng2 fxg3 20. fxg3 Bg5 21. g4
Bh4+ 22. Kd1 Bd7 23. Kc2 Rf2+ 24. Kc3 Bf6 25. Kb3 Be8 26. Raf1 Bg6 27. Rxf2
Bxe4 28. Bxe4 Rb8 29. Rhf1 Bg7 30. Ne3 b5 31. Ka2 bxc4 32. Nxc4 Rf8 33. Bf5 Kh8
34. Re2 e4 35. Rfe1 Qd8 36. Bxe4 Qf6 37. Rd1 Rb8 38. Rdd2 Bh6 39. Rc2 Bg7 40.
h4 Qd4 41. g5 Re8 42. Nd2 c4 43. h5 c3 44. bxc3 Qc5 45. Nb3 Qc4 46. Bd3 Rxe2
47. Rxe2 Qxd3 48. Re8+ Bf8 49. Rxf8+ Kg7 50. Rf2 Qxd5 51. g6 hxg6 52. hxg6 Kxg6
53. Rd2 Qc4 54. Kb2 Kf6 55. Rd4 Qe2+ 56. Rd2 Qb5 57. Rd4 Ke7 58. a4 Qe2+ 59.
Rd2 Qe1 60. Rd4 Qf2+ 61. Rd2 Qf5 62. a5 c5 63. c4 Qe5+ 64. Kc2 Qe4+ 65. Kc3
Qe3+ 66. Kc2 Qe4+ 67. Kc3 Qe5+ 68. Kc2 Qe4+ 1/2-1/2

[Event "Magyar Rapid Bajnokság"]
[Site "Ajka"]
[Date "2019.07.20"]
[Round "5.5"]
[White "Aczel, Gergely"]
[Black "Ruck, Robert"]
[Result "1/2-1/2"]
[WhiteElo "2492"]
[BlackElo "2563"]
[PlyCount "113"]
[EventDate "2019.07.19"]
[EventType "swiss"]
[EventRounds "13"]
[EventCountry "HUN"]

1. d4 Nf6 2. c4 e6 3. Nc3 Bb4 4. e3 O-O 5. Bd3 d6 6. Bd2 e5 7. Nge2 exd4 8.
exd4 d5 9. cxd5 Nxd5 10. O-O Nc6 11. a3 Be7 12. Qc2 g6 13. Rad1 Bg4 14. Bh6 Re8
15. Ne4 Bf6 16. Nxf6+ Qxf6 17. f3 Bf5 18. Bxf5 Qxf5 19. Qxf5 gxf5 20. Nc3 Nxc3
21. bxc3 Na5 22. d5 Nc4 23. Rd4 Nxa3 24. g4 Nb5 25. Rf4 Nd6 26. gxf5 Kh8 27. f6
Re5 28. c4 Nf5 29. Bg7+ Nxg7 30. fxg7+ Kxg7 31. Kf2 Rae8 32. Rd1 b6 33. d6 cxd6
34. Rxd6 R8e6 35. Rd7 Re7 36. Rfd4 Kf6 37. R4d6+ R5e6 38. Rd5 Rc6 39. Rd4 Rxd7
40. Rxd7 a5 41. Rb7 a4 42. Ke3 a3 43. Ra7 Rxc4 44. Rxa3 b5 45. Ra6+ Kg5 46. Rb6
Rb4 47. Rb7 Kg6 48. Kf2 h5 49. h4 f6 50. Kg3 Rb1 51. Kf4 b4 52. Rb6 b3 53. Rb5
Kh6 54. Kf5 b2 55. Kxf6 Rf1 56. Rxb2 Rxf3+ 57. Ke5 1/2-1/2

[Event "Magyar Rapid Bajnokság"]
[Site "Ajka"]
[Date "2019.07.20"]
[Round "5.6"]
[White "Czebe, Attila"]
[Black "Egresi, Mate"]
[Result "1-0"]
[WhiteElo "2505"]
[BlackElo "2320"]
[PlyCount "97"]
[EventDate "2019.07.19"]
[EventType "swiss"]
[EventRounds "13"]
[EventCountry "HUN"]

1. Nf3 d5 2. g3 Nf6 3. Bg2 Bf5 4. O-O c6 5. d3 e6 6. Nbd2 Be7 7. Qe1 h6 8. e4
Bh7 9. Qe2 O-O 10. Re1 a5 11. a4 Na6 12. exd5 Nxd5 13. Nc4 Nc5 14. Nfe5 Nb6 15.
Nxb6 Qxb6 16. d4 Na6 17. Nd7 Qxd4 18. Nxf8 Rxf8 19. c3 Qb6 20. Be3 Bc5 21. Bxc5
Nxc5 22. Qe3 Bc2 23. b4 axb4 24. a5 Qb5 25. Bf1 Nd3 26. cxb4 Qf5 27. Bxd3 Bxd3
28. Rad1 Bc4 29. Qe4 Qb5 30. Qd4 Bd5 31. Qb6 Qa4 32. Qxb7 c5 33. Qb6 cxb4 34.
Ra1 Qb3 35. Qe3 Qxe3 36. fxe3 b3 37. e4 Bc4 38. Ra4 Bd3 39. Rb4 Bc2 40. a6 Ra8
41. Ra1 Kf8 42. e5 Ke7 43. a7 Kd7 44. Rb8 Be4 45. Rxb3 Kc6 46. Rb8 Kc5 47. Kf2
f6 48. Ke3 Bg2 49. Rc1+ 1-0

[Event "Magyar Rapid Bajnokság"]
[Site "Ajka"]
[Date "2019.07.20"]
[Round "5.8"]
[White "Csonka, Balazs"]
[Black "Hera, Imre Jr"]
[Result "1/2-1/2"]
[WhiteElo "2346"]
[BlackElo "2583"]
[PlyCount "83"]
[EventDate "2019.07.19"]
[EventType "swiss"]
[EventRounds "13"]
[EventCountry "HUN"]

1. c4 c5 2. Nf3 Nc6 3. Nc3 Nf6 4. e3 e6 5. d4 d5 6. cxd5 exd5 7. Bb5 Bd6 8.
dxc5 Bxc5 9. O-O O-O 10. b3 Bg4 11. Bb2 Rc8 12. h3 Bh5 13. Rc1 Bd6 14. Be2 Bb8
15. Nb5 Ne4 16. Nbd4 Bxf3 17. Nxf3 Qd6 18. Bd3 f5 19. Qe2 Rcd8 20. Bb5 Ng5 21.
Rfd1 Nxf3+ 22. Qxf3 Qh2+ 23. Kf1 Ne7 24. Ba3 Bd6 25. Bxd6 Rxd6 26. Qf4 Qxf4 27.
exf4 a6 28. Rc7 Ng6 29. Bd3 Nxf4 30. Rxb7 Rc6 31. Ra7 Rff6 32. h4 Ng6 33. g3 f4
34. Bxg6 hxg6 35. gxf4 Rxf4 36. Rxd5 Rc2 37. Rd8+ Kh7 38. Rdd7 Rfxf2+ 39. Ke1
Kh6 40. Rxg7 Kh5 41. Rh7+ Kg4 42. Rxa6 1/2-1/2

[Event "Magyar Rapid Bajnokság"]
[Site "Ajka"]
[Date "2019.07.20"]
[Round "5.9"]
[White "Deak, Sandor"]
[Black "Medvegy, Zoltan"]
[Result "0-1"]
[WhiteElo "2315"]
[BlackElo "2515"]
[PlyCount "55"]
[EventDate "2019.07.19"]
[EventType "swiss"]
[EventRounds "13"]
[EventCountry "HUN"]

1. e4 c5 2. Nf3 e6 3. d4 cxd4 4. Nxd4 Nc6 5. Nc3 Qc7 6. Be3 a6 7. a3 b5 8. f4
Bb7 9. Be2 Rc8 10. O-O d6 11. Bh5 g6 12. Be2 Be7 13. f5 gxf5 14. Nxc6 Bxc6 15.
exf5 e5 16. Bf3 Nf6 17. Bg5 Nd7 18. f6 Bf8 19. Nd5 Bxd5 20. Bxd5 Nb6 21. Be4 d5
22. Bf5 Rd8 23. Qh5 Nc4 24. b3 Nd6 25. Be6 h6 26. Be3 d4 27. Qxe5 dxe3 28. Bg4+
0-1

[Event "Magyar Rapid Bajnokság"]
[Site "Ajka"]
[Date "2019.07.20"]
[Round "5.10"]
[White "Laszlo, Janos"]
[Black "Horvath, Adam"]
[Result "0-1"]
[WhiteElo "2236"]
[BlackElo "2476"]
[PlyCount "174"]
[EventDate "2019.07.19"]
[EventType "swiss"]
[EventRounds "13"]
[EventCountry "HUN"]

1. e4 c5 2. c3 Nf6 3. e5 Nd5 4. d4 cxd4 5. Nf3 Nc6 6. cxd4 d6 7. Bc4 dxe5 8.
dxe5 Ndb4 9. Qxd8+ Nxd8 10. Na3 Be6 11. Bxe6 Nxe6 12. Ke2 g6 13. Bd2 Nc6 14.
Rhd1 O-O-O 15. g3 Bg7 16. Bc3 h6 17. Nc2 Nc7 18. b3 Rxd1 19. Rxd1 Rd8 20. Rxd8+
Kxd8 21. Ne3 Kd7 22. Nc2 Ke6 23. Nfd4+ Nxd4+ 24. Nxd4+ Kd5 25. f4 Ke4 26. Nf3
e6 27. Nd2+ Kd5 28. Kd3 Bf8 29. Bd4 Na6 30. Bc3 Bb4 31. Ne4 Nc5+ 32. Nxc5 Bxc5
33. h3 h5 34. g4 hxg4 35. hxg4 g5 36. fxg5 Bg1 37. a4 Bh2 38. Ke3 Bxe5 39. Bb4
Bd6 40. Bc3 Bc5+ 41. Kf3 Bd4 42. Bd2 Bb2 43. Be3 a6 44. Bf2 Bc1 45. Ba7 Bxg5
46. Bb8 Bd2 47. Ke2 Bb4 48. Kf3 Bd6 49. Ba7 Bc5 50. Bb8 f6 51. Bc7 Be7 52. Bb6
Ba3 53. Bf2 Bb2 54. Be3 Bd4 55. Bd2 e5 56. Be1 Bb2 57. Bf2 Bc1 58. Bh4 Bg5 59.
Bf2 e4+ 60. Ke2 Bf4 61. Bh4 Bg5 62. Bg3 Kd4 63. Be1 Bf4 64. Ba5 e3 65. Bb6+ Ke4
66. Bd8 Be5 67. Bb6 Bd4 68. Bc7 Be5 69. Bb6 Bf4 70. Bd8 Bg5 71. Bb6 Kf4 72.
Bxe3+ Kxg4 73. Bd4 f5 74. Kf2 Bc1 75. Be5 Bf4 76. Bf6 Bg3+ 77. Kf1 Kf3 78. Be7
Bf2 79. Bd6 Bh4 80. Bc7 Ke3 81. Kg2 f4 82. Kf1 f3 83. Be5 Be7 84. Bc7 Bc5 85.
Bg3 Kd3 86. Be1 Bd4 87. b4 Bc3 0-1